Statistics for Portmanteau Additions #2

Click here to take the quiz!

General Stats

  • This quiz has been taken 246 times
  • The average score is 19 of 24

Answer Stats

HintAnswer% Correct
Electronic + Mail =Email
99%
Brother + Romance =Bromance
95%
Work + Alcoholic =Workaholic
94%
Not + Either =Neither
93%
Friend + Enemy =Frenemy
92%
Multiple + Complex =Multiplex
91%
Malicious + Software =Malware
90%
Metropolitan + Heterosexual =Metrosexual
89%
Telephone + Marathon =Telethon
87%
Fanatic + Kingdom =Fandom
85%
Flounce + Blunder =Flounder
85%
Biography + Picture =Biopic
84%
Drama + Comedy =Dramedy
83%
Transfer + Resistor =Transistor
82%
Tangerine + Pomelo =Tangelo
81%
Wallaby + Kangaroo =Wallaroo
81%
Croissant + Donut =Cronut
80%
Vital + Amine =Vitamin
78%
Internal + Communication =Intercom
73%
Tanganyika + Zanzibar =Tanzania
71%
Glamour + Ritz =Glitz
70%
Naphthene + Palmitate =Napalm
47%
Marionette + Puppet =Muppet
46%
California + Saratoga =Calistoga
15%

Score Distribution

Percentile by Number Answered

Percent of People with Each Score

Your Score History

You have not taken this quiz